000 00516nam a2200193Ia 4500
005 20250508150938.0
008 008 250505s9999 xx 000 0 eng d
037 _aTextual
040 _aFEDL
_beng
_cFEDL
041 _aeng
_2eng
084 _a370.4, NEI
_qFEDL
100 _aNeill A. S.
_9472862
245 0 _aHearts not heads in the school
260 _aLondon, UK
_bHerbert Jenkins Ltd.
300 _a164p.
650 _aEducation
942 _cTEXL
_h370.4, NEI
999 _c1326644
_d1326644